00467pab a2200145 454500008004000000100002400040245009800064260000900162300001300171362001200184650003400196650002600230700001700256773004800273180718b2006 xxu||||| |||| 00| 0 eng d aSrivasatva, Shefali aTrends in performance assessment in Indian enterprises: a case of Videocon industries limited c2006 ap.40-49. aApr-Oct aPerformance appraisal - India aPerformance appraisal aThakur, Y.S. aPrestige Journal of Management and Research